| 000 | 00751nam a2200253Ia 4500 | ||
|---|---|---|---|
| 003 | OSt | ||
| 005 | 20221005042458.0 | ||
| 006 | a|||||r|||| 00| 0 | ||
| 007 | ta | ||
| 008 | 221004b |||||||| |||| 00| 0 eng d | ||
| 020 |
_a978819073259 (hbk) _c795 |
||
| 024 | _a99237 | ||
| 037 |
_b720, 23/12/2009, K. K. Publications _cTextual |
||
| 040 |
_aCRL _cCRL _beng |
||
| 041 |
_2eng _aeng |
||
| 082 | _a2:8, P8 | ||
| 100 |
_aVerma Kusum _9557403 |
||
| 245 | 0 | _aLibrary and information management | |
| 260 |
_aDelhi _bVista International Publishing House India _c2008 |
||
| 300 |
_a272p. _ccm. |
||
| 650 | _aLIBRARY SCIENCE | ||
| 942 |
_h2:8, P8 _cTEXL _2cc |
||
| 999 |
_c950319 _d950319 |
||